000 00364nam a2200133Ia 4500
005 20260328101511.0
008 260328s9999||||xx |||||||||||||| ||und||
100 _aMorse, Richard M.
245 0 _aLas Ciudades Latinoamericanas :
_b Vol.2 Desarrollo Histórico /
_cRichard M. Morse
260 _bSepsetentas
300 _a245 p.
650 _aURBANISMO
942 _cBK
999 _c9212
_d9212